00402nam a2200109Ia 4500008004100000082002100041100003400062245002600096260003800122300000900160650012300169211119s9999||||xx |||||||||||||| ||und|| a894.812 1bSRE-A aSreenarayana Bhattathiri, A K 0aAanamuthal Urumbuvare bMathrubhumi BooksaKottayamc2011 a127p aLiterature & rhetoricv Literatures of other languagesAltaic, Uralic, Hyperborean & Dravidian MalayalamxGeneral Stack